000 01073nam a2200241 a 4500
001 000791565
003 AM-YEHGA
005 20250617160902.0
008 110224s1961 ||||||||r|||||000|0|rus|d
040 _aAM-YeHGA
041 0 _arus
111 2 _aСмоленский государственный медицинский институт. Научная конференция
_n(17 ;
_d1961 ;
_cСмоленск)
245 1 0 _aXVII научная конференция Смоленского государственного медицинского института :
_b1961г. : тезисы докладов /
_cМЗ РСФСР.
260 _aСмоленск :
_b[Б. и.],
_c1961.
300 _a247 с. ;
_c20 см.
650 1 4 _aКонференции
650 1 4 _aМедицинские институты
650 1 4 _aБиомедицинские исследования
650 1 4 _aНаучные исследования
710 2 _aМинистерство здравоохранения РСФСР
942 _2udc
_cBK
090 _c464950
999 _c461807
_d461807